2025 - Sports Year in Review - Statistics

General Stats
  • This quiz has been taken 24 times
  • The average score is 9 of 26
Answer Stats
Answer % Correct
Philadelphia Eagles
78%
Los Angeles Dodgers
70%
Oklahoma City Thunder
70%
Ohio State
65%
Jannik Sinner
57%
Rory McIlroy
57%
Carlos Alcaraz
52%
Paris Saint-Germain
52%
Florida
48%
Scottie Scheffler
48%
Coco Gauff
39%
Florida Panthers
39%
Aryna Sabalenka
35%
Connecticut
35%
Iga Swiatek
35%
Lando Norris
30%
J.J. Spaun
22%
Tommy Fleetwood
17%
Madison Keys
13%
Alex Palou
9%
William Byron
9%
Chinese Taipei
4%
Journalism
4%
Sovereignty
4%
Sovereignty
4%
Ferrari
0%
No matching quizzes found
Score Distribution
Percent of People with Each Score
Percentile by Number Answered
Your Score History
You have not taken this quiz